Statistics for F1 Drivers with the Most Pole Positions

Click here to take the quiz!

General Stats

  • This quiz has been taken 64 times
  • The average score is 8 of 10

Answer Stats

HintAnswer% Correct
104Lewis Hamilton
100%
32Max Verstappen
100%
68Michael Schumacher
98%
57Sebastian Vettel
93%
65Aryton Senna
88%
33Alain Prost
79%
30Nico Rosberg
61%
29Juan Manuel Fangio
60%
32Nigel Mansell
56%
33Jim Clark
35%

Score Distribution

Percentile by Number Answered

Percent of People with Each Score

Your Score History

You have not taken this quiz